| 000 | 00444nam a2200145Ia 4500 | ||
|---|---|---|---|
| 008 | 211109s9999||||xx |||||||||||||| ||und|| | ||
| 082 |
_a005.1 _bBRI-M |
||
| 100 | _aBridges Altman, Rebbecca | ||
| 245 | 0 | _aMastering Pasemaker 4 | |
| 260 |
_bBpb Publications _aNew Delhi _c1900 |
||
| 300 | _a527p. | ||
| 630 | _xGENERAL STACK | ||
| 650 |
_aComputer Science nformation & General Work _vComputer programming, programs & dataPhysics |
||
| 942 | _cBOOK | ||
| 999 |
_c46556 _d46556 |
||